000 00555nam a22001457a 4500
999 _c122458
_d122458
005 20210603091831.0
008 210603b ||||| |||| 00| 0 eng d
040 _cPK-LaUMT
082 _aRHC 891.4396
_bIQB-M
100 _aIqbal Javaid, Muhammad = اقبال جاوید، محمد
245 _aMukhtar Masood : makateeb ke aanay mein = مختار مسعود : کاتیب کے آئینے میں /
_cby Muhammad Iqbal = از محمد اقبال جاوید
260 _aGujranwala :
_bSajjad Composing Center,
_c2017
300 _a119 p.
942 _cBK